000 01084nam a22001577a 4500
008 180412b xxu||||| |||| 00| 0 eng d
020 _a9780990982807
050 _aKRG206.K71
100 _aKludze, A. K. P.
245 _aModern principles of equity: an exposition with particular reference to Ghana. /
_cA.K.P. Kludze.
260 _aManassas :
_bKludze Publications,
_c2014.
300 _axxxix, 482p. :
_c23cm.
500 _aIncludes bibliograhical references and index.
505 _aContents: Chapter 1: The Nature and Development of Equity -- Chapter 2: The Maxims of Equity -- Chapter 3: Specific Performance -- Chapter 4: Injunctions -- Chapter 5: Rectification -- Chapter 6: Rescission -- Chapter 7: Uses -- Chapter 8: Definition of a trust -- Chapter 9: The Formalities for the Creation of a Trust - Chapter 10: Charitable or Public Trusts -- Chapter 11: The Position of Trustees -- Chapter 12: Breaches of Trust -- Chapter 13: The Nature and Formalities of the Mortgagor -- Chapter 14: The Position of the Mortgagee -- Chapter 16: Customary Law Pledges.
942 _2lcc
_cBK
999 _c6552
_d14052